[Event "Nicolo La Rosa op 15th"]
[Site "Mazara del Vallo"]
[Date "2007.08.11"]
[Round "4"]
[White "Bruno, Yama"]
[Black "La Bella, Alessio"]
[Result "1-0"]
[WhiteElo "1659"]
[BlackElo "1452"]
[PlyCount "95"]
[EventDate "2007.08.10"]
[EventType "swiss"]
[EventRounds "6"]
[EventCountry "ITA"]
[SourceTitle "EXT 2011"]
[Source "ChessBase"]
[SourceDate "2010.11.26"]
[SourceVersion "1"]
[SourceVersionDate "2010.11.26"]
[SourceQuality "1"]

1. d4 c6 2. c4 d5 3. Nc3 Nf6 4. Nf3 Bg4 5. Qb3 b6 6. Ne5 dxc4 7. Qxc4 Be6 8. Qd3 g6 9. g3 Nd5 10. Nxd5 cxd5 11. Bg2 Bg7 12. Qb5+ Nd7 13. Nxd7 Qxd7 14. Qxd7+ Bxd7 15. Bxd5 Rd8 16. e3 0-0 17. Bb7 e5 18. d5 Bf5 19. f3 e4 20. f4 Rd7 21. Bc6 Rd6 22. Bd2 Bxb2 23. Rb1 Ba3 24. Bb4 Bxb4+ 25. Rxb4 Be6 26. dxe6 Rxc6 27. exf7+ Rxf7 28. 0-0 Re7 29. Rf2 Rec7 30. Rxe4 Rc1+ 31. Kg2 R7c2 32. Ra4 a5 33. h3 Rc4 34. Rxc4 Rxc4 35. Rb2 Re4 36. Kf3 Re6 37. g4 Kg7 38. a4 h6 39. Rb5 Rc6 40. h4 Rd6 41. Ke4 Rc6 42. Kd5 Rf6 43. g5 Rf5+ 44. Kc6 Rxb5 45. Kxb5 hxg5 46. hxg5 Kf7 47. Kxb6 Ke6 48. Kxa5 1-0

[Event "Nicolo La Rosa op 15th"]
[Site "Mazara del Vallo"]
[Date "2007.08.11"]
[Round "3"]
[White "Bruno, Yama"]
[Black "Sant'Antonio, Giovanni"]
[Result "1-0"]
[WhiteElo "1659"]
[BlackElo "1362"]
[PlyCount "31"]
[EventDate "2007.08.10"]
[EventType "swiss"]
[EventRounds "6"]
[EventCountry "ITA"]
[SourceTitle "EXT 2011"]
[Source "ChessBase"]
[SourceDate "2010.11.26"]
[SourceVersion "1"]
[SourceVersionDate "2010.11.26"]
[SourceQuality "1"]

1. Nh3 d5 2. g3 e5 3. Bg2 Be6 4. 0-0 Nf6 5. Ng5 Bd7 6. d3 Nc6 7. f4 Bc5+ 8. e3 Ng4 9. Qd2 exf4 10. d4 Qxg5 11. dxc5 fxg3 12. hxg3 Qh6 13. Bxd5 0-0 14. e4 Qh5 15. c3 Rfe8 16. Bxf7+ 1-0